Statistics for Countries, US States, Capitals, Elements, 100 Most Common Words: Using one row or one hand when typing

Click here to take the quiz!

General Stats

  • This quiz has been taken 149 times
  • The average score is 15 of 44

Answer Stats

# Rows # Hands ANSWER % Correct
11{A}
98%
11{I}
76%
21{On}
63%
21{As}
63%
11{We}
57%
21{No}
57%
12{To}
55%
11{You}
51%
21{In}
51%
21{At}
49%
12{Your}
47%
12{Or}
45%
12{All}
45%
12{It}
45%
11{Up}
43%
21{Be}
41%
12{Out}
41%
12{Our}
37%
11{See}
35%
21{Qatar}
33%
12{Two}
33%
21{Look}
33%
21{My}
29%
31{Only}
29%
12{Peru}
29%
31{Him}
27%
31{Accra}
24%
12{Alaska}
24%
21{After}
24%
12{Quito}
22%
21{Get}
22%
21{Warsaw}
20%
21{Ohio}
20%
31{Rabat}
20%
31{Honolulu}
18%
31{Greece}
18%
31{Zagreb}
18%
12{Dhaka}
16%
31{Polonium}
14%
31{Holmium}
14%
31{Caracas}
14%
31{Texas}
12%
12{Pierre}
12%
31{Basseterre}
10%

Score Distribution

Percentile by Number Answered

Percent of People with Each Score

Your Score History

You have not taken this quiz